Berühmte Dirigenten - Bilderquiz - Statistiken

Allgemein
  • Dieses Quiz wurde 53 mal gespielt
  • Das Durchschnittsergebnis liegt bei 5 aus 16
Antwortstatistiken
Bildquiz Antwort % Korrekt
Leonard Bernstein
84%
Herbert von Karajan
72%
Simon Rattle
60%
Daniel Barenboim
47%
Wilhelm Furtwängler
47%
Arturo Toscanini
28%
Sergiu Celibidache
28%
Christian Thielemann
23%
Kurt Masur
23%
Nikolaus Harnoncourt
23%
Waleri Gergijew
23%
Carlos Kleiber
21%
Kent Nagano
19%
Pierre Boulez
14%
Carlo Maria Giulini
9%
Nadia Boulanger
5%
Keine übereinstimmenden Quizze gefunden
Verteilung der Resultate
Anzahl Personen mit jedem Resultat
Perzentil nach korrekt beantworteten Fragen
Ihre Resultats-Entwicklung
Sie haben dieses Quiz noch nicht gespielt